000 00790nam a22002297a 4500
003 OSt
005 20150317154618.0
008 150317b xxu||||| |||| 00| 0 eng d
020 _a84-77883-63-7
040 _cBMC
082 _a863.3959
082 _a863.3959075
082 _a306.46
245 0 3 _aLa Mancha de Don Quijote realidad de una fantasía
_b: Sierras y llanos, el mundo vegetal en el Quijote
_cRamón Morales
260 _a[Toledo]
_bCastilla-La Mancha
_c[2005]
300 _a16 p.
_bil.
_c28 cm
600 1 4 _aCervantes Saavedra, Miguel de
_d1547-1616
_tDon Quijote de la Mancha
_926819
650 2 4 _932744
_aDon Quijote (Personaje de ficción)
_vExposiciones
651 4 _aEspaña
_xUsos y costumbres
_91585
700 1 _932754
_aMorales, Ramón
942 _2ddc
_cBK
_hahoj
999 _c19658
_d19658